000 00726cam a2200241 4500
001 J118708
008 000000n2001 000 0 eng u
035 _a(Sirsi) u118709
050 _a346.4104
100 _aGaunt, J.
245 _a26th anniversary series Blundell lectures : topical issues in property law - A fair and impartial tribunal? Judges in their own cause
260 _aLondon
_bLaw Society
_c2001
300 _f1
_nv.
_a[various pagings]
_c30cm.
350 _a25.00
490 _aBlundell Lectures
650 _aALTERNATIVE DISPUTE RESOLUTION
650 _aLANDS TRIBUNALS
650 _aLAW
650 _aLEASEHOLD VALUATION TRIBUNALS
690 _aPROPERTY
700 _aAnderson, D.
942 _n0
999 _c102166
_d102166